07-福島県の市町村クイズ(1999年) - Statistics

General Stats
  • This quiz has been taken 157 times
  • The average score is 56 of 90
Answers on the Map
Answers color-coded by a green-red scale on the quiz's map according to % correct below.
 
Answer Stats
Answer % Correct
会津若松あいづわかまつ
87%
猪苗代いなわしろまち
82%
郡山こおりやま
82%
相馬そうま
82%
飯舘いいたてむら
80%
福島ふくしま
80%
新地しんちまち
78%
いわき
77%
原町はらまち
77%
北塩原きたしおばらむら
75%
国見くにみまち
75%
浪江なみえまち
75%
会津坂下あいづばんげまち
73%
大玉おおたまむら
73%
只見ただみまち
73%
石川いしかわまち
72%
大熊おおくままち
72%
喜多方きたかた
72%
下郷しもごうまち
72%
須賀川すかがわ
72%
西会津にしあいづまち
72%
磐梯ばんだいまち
72%
金山かねやままち
70%
桑折こおりまち
70%
昭和しょうわむら
70%
白河しらかわ
70%
富岡とみおかまち
70%
楢葉ならはまち
70%
二本松にほんまつ
70%
広野ひろのまち
70%
双葉ふたばまち
70%
湯川ゆがわむら
70%
葛尾かつらおむら
68%
棚倉たなぐらまち
68%
天栄てんえいむら
68%
会津本郷あいづほんごうまち
67%
小野おのまち
67%
川内かわうちむら
67%
川俣かわまたまち
67%
西郷にしごうむら
67%
三春みはるまち
67%
鏡石かがみいしまち
65%
伊達だてまち
65%
檜枝岐ひのえまたむら
65%
矢吹やぶきまち
65%
浅川あさかわまち
63%
熱塩加納あつしおかのうむら
63%
泉崎いずみざきむら
63%
小高おだかまち
63%
玉川たまかわむら
63%
三島みしままち
63%
本宮もとみやまち
63%
柳津やないづまち
63%
鮫川さめがわむら
62%
中島なかじまむら
62%
平田ひらたむら
62%
はなわまち
60%
矢祭やまつりまち
60%
飯野いいのまち
58%
鹿島かしままち
58%
田島たじままち
58%
北会津きたあいづむら
57%
古殿ふるどのまち
57%
船引ふねひきまち
55%
河東かわひがしまち
53%
霊山りょうぜんまち
53%
安達あだちまち
52%
梁川やながわまち
52%
会津高田あいづたかだまち
50%
伊南いなむら
50%
岩瀬いわせむら
48%
塩川しおかわまち
48%
保原ほばらまち
48%
山都やまとまち
48%
大越おおごえまち
47%
月舘つきだてまち
47%
都路みやこじむら
45%
滝根たきねまち
43%
岩代いわしろまち
42%
表郷おもてごうむら
42%
白沢しらさわむら
42%
大信たいしんむら
42%
舘岩たていわむら
42%
常葉ときわまち
42%
新鶴にいつるむら
42%
長沼ながぬままち
40%
東和とうわまち
38%
南郷なんごうむら
38%
高郷たかさとむら
37%
ひがしむら
33%
No matching quizzes found
Score Distribution
Percent of People with Each Score
Percentile by Number Answered
Your Score History
You have not taken this quiz